Social justice and the politics of reservation in India: (Record no. 19136)

MARC details
000 -LEADER
fixed length control field 01218nam a22002897a 4500
008 - FIXED-LENGTH DATA ELEMENTS--GENERAL INFORMATION
fixed length control field 081126t xxu||||| |||| 00| 0 eng d
010 ## - LCCN (DPL NO)
LC control number ENG-91842
020 ## - INTERNATIONAL STANDARD BOOK NUMBER
International Standard Book Number 9788183242578
Terms of availability 795.00
020 ## - INTERNATIONAL STANDARD BOOK NUMBER
International Standard Book Number 818324257X
Terms of availability 795.00
035 ## - SYSTEM CONTROL NUMBER
System control number EN-75375
037 ## - SOURCE OF ACQUISITION
Source of stock number/acquisition DBAD / PUB
040 ## - CATALOGING SOURCE
Original cataloging agency dpl
Language of cataloging English
082 ## - DEWEY DECIMAL CLASSIFICATION NUMBER
Classification number 305.51220954
100 ## - MAIN ENTRY--PERSONAL NAME
Personal name Santhosh Kumar V.
245 ## - TITLE STATEMENT
Title Social justice and the politics of reservation in India:
Remainder of title the post-Mandal phase /
Statement of responsibility, etc by Santhosh Kumar V.
260 ## - PUBLICATION, DISTRIBUTION, ETC. (IMPRINT)
Place of publication, distribution, etc New Delhi
Name of publisher, distributor, etc Mittal Publications
Date of publication, distribution, etc 2008
270 ## - ADDRESS
Address 4594/9, Daryaganj,
City New Delhi
Postal code 110002
300 ## - PHYSICAL DESCRIPTION
Extent xiii, 286p.
Dimensions 23cm (Hb)
500 ## - GENERAL NOTE
General note Includes bibliographical references and index
610 ## - SUBJECT ADDED ENTRY--CORPORATE NAME
Corporate name or jurisdiction name as entry element India
Subordinate unit Backward Classes Commission, 1980.
650 ## - SUBJECT ADDED ENTRY--TOPICAL TERM
Topical term or geographic name as entry element Caste
Geographic subdivision India
650 ## - SUBJECT ADDED ENTRY--TOPICAL TERM
Topical term or geographic name as entry element Dalits
General subdivision Government policy
Geographic subdivision India
650 ## - SUBJECT ADDED ENTRY--TOPICAL TERM
Topical term or geographic name as entry element People with social disabilities
General subdivision Government policy
Geographic subdivision India
651 ## - SUBJECT ADDED ENTRY--GEOGRAPHIC NAME
Geographic name India
General subdivision Officials and employees
-- Selection and appointment.
942 ## - ADDED ENTRY ELEMENTS (KOHA)
Source of classification or shelving scheme Dewey Decimal Classification
Item type English Books
Call number suffix SAN
Classification part 305.51220954
Holdings
Withdrawn status Lost status Source of classification or shelving scheme Damaged status Not for loan Collection code Home library Current library Date acquired Source of acquisition Cost, normal purchase price Total Checkouts Full call number Barcode Date last seen Copy number Cost, replacement price Koha item type
    Dewey Decimal Classification   Not For Loan Non-fiction D.B.Act.Division D.B.Act.Division 26/11/2008 DBAD / PUB 795.00   305.51220954 SAN EN-75375 26/11/2008 1 795.00 English Books

© Delhi Public Library
Hit Counter
free hit counter